000 01118nam a2200217Ia 4500
003 Ost
005 20260507075613.0
008 260507s9999||||xx |||||||||||||| ||und||
020 _a9789961006221
040 _cfsecg
041 _aara
082 _a339
100 _aإلمان، محمد الشريف
_eمؤلف
245 0 _aمحاضرات في النظرية الإقتصادية الكلية :
_bنظريات ونماذج التوازن /
_c محمد الشريف إلمان
260 _aالجزائر:
_bديوان المطبوعات الجامعية,
_c2015
300 _a346 صفحة؛
_bإيضاحات ؛
_c22 سم
504 _aالمراجع ص.343
520 _aتناول الجزء الأول من كتاب "محاضرات في النظرية الاقتصادية الكلية " النظريات والنماذج االأساسية في التوازن واللاتوازن الإقتصادي الكلي وفقا للمدارس الفكرية الكبيرة التقليدية والكينزية والتيار الإندماجي .
653 _aالإقتصاد الكلي
942 _cكتاب
999 _c45099
_d45099